Data and Computer Communications /

Bibliographic Details
Main Author: Stallings, William
Format: Book
Published: Upper Saddle River, New Jersey: Pentice Hall, 2007.
Edition:Eighth Edition (Pearson International Edition).
Subjects:
LEADER 00714cam a2200217 7i4500
001 0000013645
005 20151104090000.0
005 ##20151104114200.0
003 ##MY-KlINT
020 # # |a 9780132381956  
039 # 9 |y 201511041142  |z VLOAD 
090 0 0 |a 004.6   |b STA 
100 1 # |a Stallings, William 
245 0 0 |a Data and Computer Communications /   |c William Stallings. 
250 # # |a Eighth Edition (Pearson International Edition). 
260 # # |a Upper Saddle River, New Jersey:   |b Pentice Hall,   |c 2007. 
300 # # |a xvi, 834p:   |b ill;   |c 24cm. 
500 # # |a Includes bibliographical references and index. 
650 # 0 |a Data transmission systems  
650 # 0 |a Computer networks  
999 |a 1111067543  |b BOOK  |c Main Non-Fiction  |e INTAN BK